00356nam a2200133 a 4500008004100000050001500041100001900056245005100075260002900126300001900155350000900174700001900183700002000202120416s1974 ||||||||||||||||| || u aHT 151 Blo aHamnett, Chris14aThe future of citiescedited by Andrew Blowers aLondonbHutchinsonc1974 ax, 355p. : ill a0.00 aSarre, Phillip aBlowers, Andrew